000 00330nam a22001457a 4500
020 _a0-141-31341-2
082 _a823
_bCHA/S
100 _aCHAPMAN, LINDA
245 _aMY SECRET UNICORN
_bMAGIC STORY
260 _aNEW DELHI
_bPENGUIN BOOKS
_c2002
300 _a110
520 _aSHORT STORY
650 _aSHORT STORY
942 _cBK
999 _c3548
_d3548